|
|
|
|
| LEADER |
00000naa a2200000uu 4500 |
| 001 |
vtls011095654 |
| 003 |
SK-MaSNL |
| 005 |
20260302110917.0 |
| 008 |
220810|1998 xo |||||||||||||||||cze| |
| 015 |
|
|
|a SNBRA
|
| 035 |
|
|
|a (urnnbn)urn:nbn:sk:snk:ar-a0cu37
|
| 035 |
|
|
|a (uuid)6e0a81aa-2ef0-47b1-9441-210e5a6f6942
|
| 035 |
|
|
|a urn:nbn:sk:snk-aavzpe
|
| 040 |
|
|
|a SNKBUCL
|b slo
|c SNKBUCL
|e AACR2
|
| 041 |
0 |
|
|a cze
|
| 044 |
|
|
|a xo
|c SK
|
| 100 |
1 |
|
|a Ďurovič, Michal
|4 aut
|9 770722
|
| 245 |
1 |
0 |
|a HROMADNÉ ODKYSELOVÁNÍ ARCHIVNÍCH A KNIHOVNÍCH SBÍREK - STAV V ROCE 1997
|c Michal Ďurovič, Hana Paulusová, Jiří Zelinger
|
| 700 |
1 |
|
|a Paulusová, Hana
|4 aut
|9 447894
|
| 700 |
1 |
|
|a Zelinger, Jiří
|4 aut
|9 7391
|
| 773 |
0 |
|
|t Chemická technológia dreva, celulózy a papiera : (suroviny-technológie-produkty) : konferencia s medzinárodnou účasťou ..., 23.-25. jún1998, Bratislava : zborník príspevkov
|d Bratislava : Slovenská technická univerzita, 1998
|g S. 208-221
|z 8022710741
|
| 954 |
|
|
|a odborná, vedecká literatúra cudzojazyčná (svetová)
|2 lita
|
| 958 |
|
|
|a OND
|
| 958 |
|
|
|a article12
|
| 958 |
|
|
|a chapter
|
| 999 |
|
|
|c 1245430
|d 1247360
|